Proceedings of the...

Bibliographic Details
Corporate Authors: RUBBERWOOD Seminar, Institut Penyelidikan Perhutanan Malaysia (FRIM)
Other Authors: Choo, Hong, Singh
Format: Book
Published: Kuala Lumpur : Institut Penyelidikan Perhutanan Malaysia , 1987
Subjects:

MARC

LEADER 00000cam a2200000 7i4500
001 0000001458
005 20010629.0
090 0 0 |a 678.3   |b RUB 1987 
110 1 0 |a RUBBERWOOD Seminar   |i 2nd   |k 1985   |j Kuala Lumpur 
245 1 0 |a Proceedings of the...   |c edited by K. Daljeet Singh, Chon Kheng Ten, Hong Kay Thong 
260 0 0 |a Kuala Lumpur :   |b Institut Penyelidikan Perhutanan Malaysia ,   |c 1987 
300 |a ii, 160 p. :   |b ill. ;   |c 29 cm. 
500 0 0 |a Includes bibliographies 
650 0 0 |a Rubber goods   |x Congresses 
650 0 0 |a Rubber industry and trade   |x Congresses 
700 0 1 |a Choo   |h Kheng Ten 
700 0 1 |a Hong   |h Lay-Thong 
700 0 1 |a Singh   |h K. Daljeet 
710 1 1 |a Institut Penyelidikan Perhutanan Malaysia (FRIM) 
998 |a JPSM 
999 |a 0000002448   |b Monograph   |c Open Shelf   |e Default branch 
999 |a 0000002505   |b Monograph   |c Open Shelf   |e Default branch